Martin Scorsese Movies - Statistics

General Stats
  • This quiz has been taken 198 times
    188 since last reset
  • The average score is 18 of 27
Answer Stats
Release Year Answer % Correct
1990 Goodfellas
94%
1976 Taxi Driver
92%
2023 Killers of the Flower Moon
91%
2019 The Irishman
90%
2013 The Wolf of Wall Street
89%
1995 Casino
87%
1980 Raging Bull
87%
2006 The Departed
87%
1973 Mean Streets
79%
2010 Shutter Island
79%
2002 Gangs of New York
77%
2016 Silence
76%
2011 Hugo
68%
1982 The King of Comedy
65%
1988 The Last Temptation of Christ
65%
1991 Cape Fear
64%
2004 The Aviator
64%
1985 After Hours
59%
1977 New York, New York
57%
1986 The Color of Money
53%
1974 Alice Doesn’t Live Here Anymore
50%
1972 Boxcar Bertha
50%
1997 Kundun
50%
1993 The Age of Innocence
49%
1999 Bringing Out the Dead
38%
1989 (Co-Director) New York Stories
34%
1967 Who's That Knocking at My Door
32%
No matching quizzes found
Score Distribution
Percent of People with Each Score
Percentile by Number Answered
Your Score History
You have not taken this quiz since the last reset